Tribhuvan University Central Library

Cultural sociology in practice (Record no. 34747)

MARC details
000 -LEADER
fixed length control field 006120000a22002530004500
082 ## - DEWEY DECIMAL CLASSIFICATION NUMBER
Classification number 306
Item number Ed53c
020 ## - INTERNATIONAL STANDARD BOOK NUMBER
International Standard Book Number 0-631-21090-3
041 ## - LANGUAGE CODE
Language code of text/sound track or separate title Eng
100 ## - MAIN ENTRY--PERSONAL NAME
Personal name Edles, Laura Desfor
245 ## - TITLE STATEMENT
Title Cultural sociology in practice
260 ## - PUBLICATION, DISTRIBUTION, ETC. (IMPRINT)
Place of publication, distribution, etc Massachusetts
Name of publisher, distributor, etc Blackwell Publishers, USA
260 ## - PUBLICATION, DISTRIBUTION, ETC. (IMPRINT)
Date of publication, distribution, etc 2002
300 ## - PHYSICAL DESCRIPTION
Extent ix, 265p.
Other physical details illus
440 ## - SERIES STATEMENT/ADDED ENTRY--TITLE
Title 21st century sociology
500 ## - GENERAL NOTE
General note Bibliography: p.237-261
518 ## - DATE/TIME AND PLACE OF AN EVENT NOTE
Date/time and place of an event note 20050916
530 ## - ADDITIONAL PHYSICAL FORM AVAILABLE NOTE
Additional physical form available note M
650 ## - SUBJECT ADDED ENTRY--TOPICAL TERM
Topical term or geographic name as entry element Culture
650 ## - SUBJECT ADDED ENTRY--TOPICAL TERM
Topical term or geographic name as entry element Sociology
650 ## - SUBJECT ADDED ENTRY--TOPICAL TERM
Topical term or geographic name as entry element Society
650 ## - SUBJECT ADDED ENTRY--TOPICAL TERM
Topical term or geographic name as entry element Cultural sociology
650 ## - SUBJECT ADDED ENTRY--TOPICAL TERM
Topical term or geographic name as entry element Discourse analysis
942 ## - ADDED ENTRY ELEMENTS (KOHA)
Koha item type General Collections
Holdings
Withdrawn status Lost status Source of classification or shelving scheme Damaged status Not for loan Home library Current library Shelving location Date acquired Total Checkouts Full call number Barcode Date last seen Date checked out Price effective from Koha item type
    Dewey Decimal Classification     Tribhuvan University Central Library Tribhuvan University Central Library New Building 06/20/2010 1 306 Ed53c 128930 09/26/2024 08/14/2024 06/20/2010 General Collections
    Dewey Decimal Classification     Tribhuvan University Central Library Tribhuvan University Central Library New Building 12/18/2016 1 306 Ed53c 153501 05/14/2018 04/24/2018 12/18/2016 General Collections